Sabazio

Saved in:
書目詳細資料
主要作者: Ferdinando, Luigi
格式: 圖書
語言:英语
標簽: 添加標簽
沒有標簽, 成為第一個標記此記錄!

MARC

LEADER 00000nam a2200000 4500
005 20240724164719.0
008 240724b |||||||| |||| 00| 0 eng d
040 |c GP 
100 |a Ferdinando, Luigi 
245 |a Sabazio 
942 |2 ddc  |c BK  |n 0 
952 |0 0  |1 0  |2 ddc  |4 0  |6 085_851000000000000_FER  |7 1  |9 1690  |a RM  |b RM  |d 2024-07-24  |l 0  |o 085.851 FER  |p 258  |r 2024-07-24 16:47:37  |w 2024-07-24  |y BK 
999 |c 1503  |d 1503